=LDR 00000nam 2200000 4500 =001 INLIS000000000038036 =005 20130612143731 =008 ***********************************ind** =035 ##$$0010-061300000038036 =041 ##$$a ind =082 ##$$a 2x4.12 =100 ##$$a zamani, zaki =245 ##$$a buku pintar shalat =260 ##$$a mutiara media $b yogyakarta =300 ##$$a 136 hlm =850 ##$$a NBPNMAT =990 ##$$a 0001/BPAP-NTB/2015